Słowa zawierające TOR - Statystyki

Ogólne statystyki
  • Ten quiz został rozwiązany 5 razy
  • Średni wynik to 14 z 98
Statystyki odpowiedzi
Odpowiedź % Poprawnych
tort
100%
torba
75%
torf
75%
tors
75%
tory
75%
dyrektor
50%
lektor
50%
sektor
50%
torebka
50%
tornister
50%
aligator
25%
amator
25%
autor
25%
dyktator
25%
dystrybutor
25%
faktor
25%
fundator
25%
generator
25%
gubernator
25%
kantor
25%
klasztor
25%
kurator
25%
lokator
25%
mentor
25%
monitor
25%
motor
25%
negocjator
25%
operator
25%
pastor
25%
prokurator
25%
redaktor
25%
rektor
25%
segregator
25%
sekator
25%
storczyk
25%
sztorm
25%
tornado
25%
torpeda
25%
administrator
0%
adorator
0%
aktor
0%
akumulator
0%
amortyzator
0%
animator
0%
aplikator
0%
autorytet
0%
autoryzacja
0%
defibrylator
0%
depilator
0%
doktor
0%
doktorat
0%
egzaminator
0%
egzekutor
0%
fotorelacja
0%
gladiator
0%
historia
0%
identyfikator
0%
inhalator
0%
inspektor
0%
instruktor
0%
inwestor
0%
kalkulator
0%
komentator
0%
kompaktor
0%
komunikator
0%
konduktor
0%
konserwator
0%
korektor
0%
korepetytor
0%
kosztorys
0%
krematorium
0%
laboratorium
0%
latorośl
0%
moderator
0%
motoryzacja
0%
narrator
0%
nawigator
0%
obserwator
0%
organizator
0%
paralizator
0%
pojektor
0%
reflektor
0%
regulator
0%
retoryka
0%
sanatorium
0%
senator
0%
spedytor
0%
symulator
0%
tatuator
0%
terytorium
0%
torbacz
0%
tortilla
0%
tortownica
0%
tortura
0%
traktor
0%
współlokator
0%
wtorek
0%
zator
0%
Nie znaleziono quizów pasujących do podanych kryteriów
Rozkład punktacji
Procent ludzi z każdym wynikiem
Percentyl według liczby udzielonych odpowiedzi
Twoja historia wyników
Nie rozwiązałeś tego quizu